'H' Sorting Gallery Quiz Stats

 Plays Quiz Updated Dec 1, 2018

     
Support Sporcle.
Go Orange.
Score 0/55 Timer 04:00
1 Play Today
% Correct
Hamster
98.1%
Hawk
97.6%
Horse
97.5%
Hyena
97%
Hedgehog
97%
Happy Feet
94.5%
Hummingbird
94.5%
Hippopotamus
94.3%
Ho Chi Minh City
92%
Herring
91.9%
Hotel Rwanda
91.5%
Hairspray
91.4%
Home Alone
91.3%
Hong Kong
90.1%
Hiroshima
90.1%
Hemingway
89.8%
Helium
89.2%
Hydrogen
88.7%
Halibut
88.4%
Heron
88.2%
Hellboy
88%
Holmium
87.4%
Hassium
85.9%
Hafnium
85.9%
Hot Fuzz
85.8%
Hungary
85.5%
Hanoi
84.9%
Hermes
84.4%
% Correct
Hockey
84%
Handball
83.9%
Hannibal
83.8%
Honduras
83.4%
Hangzhou
83.1%
Haiti
82.5%
Hera
81.9%
Hogwarts
81.4%
Hawthorne
81.3%
Hamburger SV
78.6%
Hertha BSC
78.5%
Huxley
76.1%
Hapoel Tel Aviv
75.5%
Hephaestus
70.1%
Hestia
69.9%
Heathers
67.6%
Hajduk Split
67.2%
Heat
65.5%
Helsingborg
65.3%
Hamamatsu
63.4%
HJK
60.3%
Hesse
58.8%
Hosseini
58.2%
Haggard
55.5%
Hyderabad
53.8%
Heerenveen
52.7%
Hohhot
39.6%

From the Vault

Holidays by Mug

by timmylemoine1

Holiday 4m
Have yourself a cup of holiday cheer.
Remove Ads.
Support Sporcle.
Get the best of Sporcle when you Go Orange. This ad-free experience offers more features, more stats, and more fun while also helping to support Sporcle. Thank you for becoming a member.

Show Comments

Extras

Top Quizzes Today


Score Distribution

Your Account Isn't Verified!

In order to create a playlist on Sporcle, you need to verify the email address you used during registration. Go to your Sporcle Settings to finish the process.

Report this User

Report this user for behavior that violates our Community Guidelines.

Details: